000 00536nam a22002057a 4500
003 koha_MIRAKIL
005 20231213095912.0
008 231213b |||||||| |||| 00| 0 ||| d
020 _b9-75263201-7
040 _aTR-IsEVY
_btur
_cTR-IsEVY
082 _a808.06831 CAN/Y
100 _aCanat, Hasan Nail.
245 0 _aYaralı serçe
250 _a18. bs.
260 _bTimaş Yayınları,
_c2013
300 _a142 s.
650 _aChildren's literature -- Fiction.
650 _aÇocuk edebiyatı -- Roman.
942 _2ddc
_cBK
999 _c11316
_d11316